V hrobce egyptského prince /

Hlavní autor: Onderka, Pavel, 1982-
Korporativní autor: Univerzita Karlova. Filozofická fakulta
Další autoři: Maříková Vlčková, Petra, 1975-, Náprstkovo muzeum asijských, afrických a amerických kultur (Praha, Česko), Muzeum (Moravská Třebová, Česko)
Jazyk: Čeština
Vydáno: V Praze : Univerzita Karlova, Filozofická fakulta, Český egyptologický ústav, 2007
Témata:
Fyzický popis: 48 s. : il., plány ; 23 cm
Knihy
Uloženo v:
LEADER 02360nam a2200589 a 4500
001 nkc20081786618
003 CZ PrNK
005 20090507132645.0
007 ta
008 090312s2007 xr ae e c 000 0 cze
015 |a cnb001786618 
020 |a 978-80-7308-203-1  |q (brož.) 
035 |a (OCoLC)320200648 
040 |a ABA001  |b cze 
043 |a f-ua--- 
072 7 |a 902  |x Archeologie  |2 Konspekt  |9 8 
080 |a 929.731  |2 MRF 
080 |a 902:904  |2 MRF 
080 |a 726.821  |2 MRF 
080 |a (32)  |2 MRF 
080 |a (620)  |2 MRF 
080 |a (0.062)  |2 MRF 
080 |a (083.824)  |2 MRF 
100 1 |a Onderka, Pavel,  |d 1982-  |7 ola20040616003  |4 aut 
245 1 0 |a V hrobce egyptského prince /  |c Pavel Onderka, Petra Maříková Vlčková 
260 |a V Praze :  |b Univerzita Karlova, Filozofická fakulta, Český egyptologický ústav,  |c 2007 
300 |a 48 s. :  |b il., plány ;  |c 23 cm 
500 |a Pod názvem: Filozofická fakulta Univerzity Karlovy v Praze, Národní muzeum - Náprstkovo muzeum asijských, afrických a amerických kultur, Městské muzeum v Moravské Třebové 
500 |a 300 výt. 
500 |a Terminologický slovník 
504 |a Obsahuje bibliografii 
600 0 7 |a Venisanch,  |d činný 24. století př. Kr.  |7 pna2008482454  |2 czenas 
600 0 9 |a Unisankh ,  |d 24th century B.C.  |2 eczenas 
650 0 7 |a archeologické nálezy  |7 ph137683  |z Egypt  |2 czenas 
650 0 7 |a princové  |7 ph124610  |z starověký Egypt  |2 czenas 
650 0 7 |a hrobky  |7 ph120859  |z starověký Egypt  |2 czenas 
650 0 9 |a antiquities  |z Egypt  |2 eczenas 
650 0 9 |a princes  |z Egypt  |2 eczenas 
650 0 9 |a tombs  |z Egypt  |2 eczenas 
655 7 |a populárně-naučné publikace  |7 fd131864  |2 czenas 
655 7 |a katalogy výstav  |7 fd132536  |2 czenas 
655 9 |a popular works  |2 eczenas 
655 9 |a exhibition catalogs  |2 eczenas 
700 1 |a Maříková Vlčková, Petra,  |d 1975-  |7 pna2008444814  |4 aut 
710 2 |a Univerzita Karlova.  |b Filozofická fakulta  |7 kn20010710340 
710 2 |a Náprstkovo muzeum asijských, afrických a amerických kultur (Praha, Česko)  |7 kn20010724568 
710 2 |a Muzeum (Moravská Třebová, Česko)  |7 mzk2016905644 
910 2 |a BOA001  |b 2-1220.690 
990 |a BK 
995 |a 01 
991 |b 200904 
996 6 |b 2610372741  |c 2-1220.690  |l MZK  |r Sklad / do 1 hodiny  |n 2  |p p.v.  |w 000932536  |u 000010  |a 1  |e BOA001  |j MZK50  |s P